La chica que soñaba con una cerilla y un bidón de gasolina
Gorde:
| Egile nagusia: | |
|---|---|
| Formatua: | Liburua |
| Hizkuntza: | gaztelania |
| Argitaratua: |
Santiago
Planeta Chilena
2009
|
| Edizioa: | 1a. ed |
| Saila: | Trilogía Millennium 2
Colección Ancora y Delfín, 1137 |
| Gaiak: | |
| Etiketak: |
Etiketa erantsi
Etiketarik gabe, Izan zaitez lehena erregistro honi etiketa jartzen!
|
MARC
| LEADER | 00000nam a2200000 a 4500 | ||
|---|---|---|---|
| 001 | UCG3897 | ||
| 003 | CL-VaPUC | ||
| 008 | 100923e20090300CL |||||||||||||||||spa|d | ||
| 020 | |a 9788423341009 | ||
| 082 | 0 | 4 | |a 839 |b LAR |2 21 |
| 100 | |a Larsson, Stieg |e author |9 595343 | ||
| 245 | 1 | 3 | |a La chica que soñaba con una cerilla y un bidón de gasolina |
| 250 | |a 1a. ed | ||
| 300 | |a 749 p | ||
| 942 | |c BK | ||
| 945 | |d 20100923 00:00:00 |a mfarfan | ||
| 260 | |a Santiago |b Planeta Chilena |c 2009 | ||
| 650 | 7 | |a LITERATURA SUECA |2 CL-VaPUC |9 553215 | |
| 650 | 7 | |a NOVELAS SUECAS |2 CL-VaPUC |9 345411 | |
| 650 | 7 | |a ESCRITORES SUECOS |2 CL-VaPUC |9 544590 | |
| 583 | |a last modification |c 20100923 00:00:00 |k Rodrigo Vera | ||
| 490 | 0 | |a Trilogía Millennium 2 | |
| 490 | 0 | |a Colección Ancora y Delfín, 1137 | |
| 999 | |c 342851 |d 342849 | ||
| 952 | |0 0 |1 0 |4 0 |6 839_000000000000000_LAR_2009 |7 0 |8 C |9 439455 |a BIBCUR |b BIBCUR |d 2019-11-22 |i 4721004 |o 839 LAR 2009 |p 4721004 |r 2025-04-22 |w 2019-11-22 |y BK |k CAC | ||
| 952 | |0 0 |1 0 |4 0 |6 839_000000000000000_LAR_2009 |7 0 |8 C |9 439456 |a BIBCUR |b BIBCUR |d 2019-11-22 |i 4767136 |o 839 LAR 2009 |p 4767136 |r 2025-04-22 |w 2019-11-22 |y BK |k CAC | ||